Spiritual companioning : (Record no. 9966)

MARC details
000 -LEADER
fixed length control field 01610cam a2200361 i 4500
001 - CONTROL NUMBER
control field 904576316
003 - CONTROL NUMBER IDENTIFIER
control field OCoLC
005 - DATE AND TIME OF LATEST TRANSACTION
control field 20241126110722.0
008 - FIXED-LENGTH DATA ELEMENTS--GENERAL INFORMATION
fixed length control field 150523s2015 miu b 001 0 eng
010 ## -
-- 2015020885
020 ## - INTERNATIONAL STANDARD BOOK NUMBER
International Standard Book Number 9780801049897
020 ## - INTERNATIONAL STANDARD BOOK NUMBER
International Standard Book Number 080104989X
035 ## - SYSTEM CONTROL NUMBER
System control number (OCoLC)904576316
040 ## - CATALOGING SOURCE
Original cataloging agency DLC
Language of cataloging eng
Description conventions rda
Transcribing agency DLC
Modifying agency YDX
-- YDXCP
-- BDX
-- BTCTA
-- XBE
-- DTM
-- LNT
-- OCLCQ
-- ATH
042 ## -
-- pcc
050 00 -
-- BV4511
-- .R435 2015
082 ## - DEWEY DECIMAL CLASSIFICATION NUMBER
Classification number 253.53
Item number REE
100 1# - MAIN ENTRY--PERSONAL NAME
Personal name Reed, Angela H.
9 (RLIN) 17328
245 10 - TITLE STATEMENT
Title Spiritual companioning :
Remainder of title a guide to Protestant theology and practice /
Statement of responsibility, etc. Angela H. Reed, Richard R. Osmer, and Marcus G. Smucker.
264 #1 - PRODUCTION, PUBLICATION, DISTRIBUTION, MANUFACTURE, AND COPYRIGHT NOTICE
Place of production, publication, distribution, manufacture Grand Rapids, Michigan :
Name of producer, publisher, distributor, manufacturer Baker Academic,
Date of production, publication, distribution, manufacture, or copyright notice [2015]
300 ## - PHYSICAL DESCRIPTION
Extent xxii, 186 pages ;
Dimensions 23 cm
336 ## - CONTENT TYPE
Content type term text
Content type code txt
Source rdacontent
337 ## - MEDIA TYPE
Media type term unmediated
Media type code n
Source rdamedia
338 ## - CARRIER TYPE
Carrier type term volume
Carrier type code nc
Source rdacarrier
504 ## - BIBLIOGRAPHY, ETC. NOTE
Bibliography, etc. note Includes bibliographical references and indexes.
505 0# - FORMATTED CONTENTS NOTE
Formatted contents note Spiritual companioning as presence -- Spiritual companioning in the congregation -- Spiritual companioning in spiritual direction -- Spiritual companioning in small groups -- Spiritual companioning in everyday life -- Spiritual companioning and the journey of life -- Spiritual companioning for leaders.
650 #0 - SUBJECT ADDED ENTRY--TOPICAL TERM
Topical term or geographic name entry element Spiritual formation
General subdivision Protestant churches.
9 (RLIN) 17329
650 #0 - SUBJECT ADDED ENTRY--TOPICAL TERM
Topical term or geographic name entry element Spiritual direction
General subdivision Protestant churches.
9 (RLIN) 17330
650 #0 - SUBJECT ADDED ENTRY--TOPICAL TERM
Topical term or geographic name entry element Interpersonal relations
General subdivision Religious aspects
-- Christianity.
9 (RLIN) 400
650 #0 - SUBJECT ADDED ENTRY--TOPICAL TERM
Topical term or geographic name entry element Mentoring
General subdivision Religious aspects
-- Christianity.
9 (RLIN) 17331
650 #0 - SUBJECT ADDED ENTRY--TOPICAL TERM
Topical term or geographic name entry element Protestant churches
General subdivision Doctrines.
9 (RLIN) 17332
942 ## - ADDED ENTRY ELEMENTS (KOHA)
Source of classification or shelving scheme Dewey Decimal Classification
Koha item type Books
Holdings
Withdrawn status Lost status Source of classification or shelving scheme Damaged status Not for loan Home library Current Library Shelving location Date acquired Total checkouts Full call number Barcode Date last seen Copy number Price effective from Koha item type
    Dewey Decimal Classification     GRACE BIBLE COLLEGE GRACE BIBLE COLLEGE Ministry & Mission 2023-10-12   253.53 REE 020599 2025-05-01 c.1 2023-10-12 Books
© Grace Bible College Library 2025